Giáo trình Hán ngữ (xia) Hanyu Jiaocheng
Na minha lista:
| Formato: | Livro |
|---|---|
| Publicado em: |
2007
|
| Tags: |
Adicionar Tag
Sem tags, seja o primeiro a adicionar uma tag!
|
| Thư viện lưu trữ: | Trung tâm Học liệu Lê Vũ Hùng, Trường Đại học Đồng Tháp |
|---|
| LEADER | 00546pam a22002058a 4500 | ||
|---|---|---|---|
| 001 | 00039695 | ||
| 005 | 20171026081025.0 | ||
| 008 | 170520s2007 ||||||Viesd | ||
| 020 | # | # | |a 9787561907467 |
| 041 | 0 | # | |a Vie |
| 082 | 1 | 4 | |a 495.1 |b GI108TR |
| 245 | 1 | 0 | |b Hanyu Jiaocheng |a Giáo trình Hán ngữ (xia) |
| 260 | # | # | |c 2007 |
| 300 | # | # | |a 192 tr. |c 29 cm. |
| 852 | # | # | |b Kho đọc |j KD.1002566 |
| 910 | |d 20/05/2017 | ||
| 980 | # | # | |a Trung tâm Học liệu Lê Vũ Hùng, Trường Đại học Đồng Tháp |


